| 000 | 01218cam a22002174a 4500 | ||
|---|---|---|---|
| 005 | 20250605164205.0 | ||
| 008 | 250528s ||||||||||||||||||||||||d | ||
| 035 | _a19886 | ||
| 020 | _a130336327 | ||
| 040 |
_aGR-AtMCL _bgre _dGR-AtMCL _eAACR2 |
||
| 245 | 1 | _aSocial Psychology / Third Edition | |
| 250 | _a3rd | ||
| 260 |
_bPearson - Prentice Hall, _c2002 |
||
| 300 | _a764 | ||
| 520 | _aAn integrated and comprehensive introductory text that consolidates European and North American perspectives to provide a coverage of social psychology that meets the needs of European Psychology students. Preface, Acknowledgements, Introducing Social Psychology, Social Cognition and Social Thinking, Attribution and Social Knowledge, Self and Identity, Attitudes, Persuasion and Attitude Change, Social Influence, People in Groups, Leadership and Decision Making, Prejudice and Discrimination, Intergroup Behavior, Aggression, Affiliation and Attraction and Love, Prosocial Behavior, Language and Communication, Culture, Summary, Further Reading, Glossary, References, Author and Subject Index. | ||
| 700 | 1 |
_aHogg Michael A _9540 |
|
| 700 | 1 |
_aVaughan Graham M _9541 |
|
| 942 | _cBK | ||
| 999 |
_c5129 _d5129 |
||